Thủ thuật windows XP

Gespeichert in:
Bibliographische Detailangaben
1. Verfasser: Lê Xuân Đồng
Format: Buch
Sprache:Undetermined
Veröffentlicht: Tp. HCM Thống Kê 2002
Schlagworte:
Tags: Tag hinzufügen
Keine Tags, Fügen Sie den ersten Tag hinzu!
Thư viện lưu trữ: Trung tâm Học liệu Trường Đại học Cần Thơ
LEADER 00495nam a2200181Ia 4500
001 CTU_54765
008 210402s9999 xx 000 0 und d
020 |b 15000 
082 |a 005.43769 
082 |b Đ455 
100 |a Lê Xuân Đồng 
245 0 |a Thủ thuật windows XP 
245 0 |c Lê Xuân Đồng 
260 |a Tp. HCM 
260 |b Thống Kê 
260 |c 2002 
650 |a windows ( computer programs ) 
980 |a Trung tâm Học liệu Trường Đại học Cần Thơ